000 01069nam a2200289 i 4500
003 EG-GICUC
005 20260501201124.0
008 260501s1920 ua ||||fr|||| 00| 0 eng d
040 _aEG-GiCUC
_beng
_cEG-GiCUC
_dEG-GiCUC
_eRda
082 0 4 _221
_a343.37
_bMI . C
092 0 4 _221
099 _aLaw1 10 343.37 MI . C 1920
110 _aMinistry Of Justice, Egypt
_eAuthor.
245 _aCode Of Criminal Procedure Of The Egyptian Native Tribunals And Law Constituting Courts Of Assize/
_cMinistry Of Justice, Egypt.
246 1 _aCode D'instruction Criminelle Des Tribunaux Indigènes Et Institution Des Cours D'assises.
264 1 _aCario:
_bGovernment Press,
_c1920.
300 _a86 page ;
_c 24 cm.
336 _2rda contenu
_a texte
337 _2rda medias
_aOrdinateur
338 _2 transporteur rda
_a Ressource en ligne
546 _aText in English with some passages in French
650 1 _aCriminal Law
650 1 _aCriminal Trial
856 4 0 _uhttps://fll.law.cu.edu.eg/fulltext/bks/B10-11285.pdf
905 _a59
942 _2ddc
_n0
_cBK
_e21
999 _c74665
_d74665